Click the Cartoon Spy Quiz Stats

 Plays Quiz Updated Nov 18, 2019

Score 0/15 Timer 05:00
94 Plays Today
% Correct
Secret Squirrel
96.3%
Danger Mouse
96%
Perry
95.6%
Inspector Gadget
95.1%
Kim Possible
93.9%
Dudley
93.1%
Carmen
91%
Archer
89.9%
% Correct
Nick Fury
89.1%
Stan Smith
89%
Skipper
85.4%
Boris
82.1%
Sam
66.3%
Beautiful Gorgeous
61.3%
Captain Black
60.1%

You're not logged in!

Compare scores with friends on all Sporcle quizzes.
OR
Log In

Sporcle TV

Today on Sporcle TV


Watch our educational content, quiz creation guides, and fun videos on Sporcle TV.

Show Comments

Extras

Top Quizzes Today


Score Distribution

Your Account Isn't Verified!

In order to create a playlist on Sporcle, you need to verify the email address you used during registration. Go to your Sporcle Settings to finish the process.

Report this User

Report this user for behavior that violates our Community Guidelines.

Details: